Auvsturya mesleki eğitim sistemi ve odaların etkinliği (Record no. 457)

MARC details
000 -BAŞLIK
Sabit Uzunlukta Kontrol Alanı 00779na a2200265 4500
001 - KONTROL NUMARASI
Denetim Alanı 19480
003 - KONTROL NUMARASI IDENTIFIER
Denetim Alanı MIRAKIL
005 - SON İŞLEM TARİHİ VE ZAMANI
Denetim Alanı 20181213154750.0
008 - SABİT-BOY VERİ ELEMANLARI - GENEL BİLGİLER
Sabit Uzunlukta Kontrol Alanı 161215b tu 000 0
020 ## - ULUSLARARASI STANDART KİTAP NUMARASI
Uluslararası Standart Kitap Numarası 9786051371818
040 ## - KATALOGLAMA KAYNAK
Orijinal Kataloglama Ajansı Milas
Kataloglama Dili tur
Metne Dönüştürmek Ajansı TR-AnCHP
041 ## - DİL KODU
Metin / Ses Parça Veya Ayrı Başlığın Dil Kodu tur
082 ## - DEWEY ONLU SINIFLANDIRMA NUMARASI
Sınıflandırma Numarası 370.113436
Ürün Numarası O4a 2012
090 ## - SINIFLAMA NUMARASI
Sınıflama Numarası 370.113436 O4a 2012
100 ## - ANA GİRİŞ - KİŞİSEL İSİM
Kişisel Ad Ok, Selçuk Tayfun
245 ## - BAŞLIK TABLOSU
Başlık Auvsturya mesleki eğitim sistemi ve odaların etkinliği
Sorumluluk Tablosu, Vb Selçuk Tayfun Ok, Recep Dayıoğlu
260 ## - YAYIN, DAĞITIM, VB
Yayın, Dağıtım, Vb Yeri İstanbul
Yayıncı, Dağıtıcı, Vs Adı İTO
Yayın, Dağıtım, Vb Tarihi 2012
300 ## - FİZİKSEL TANIM
Kapsam 124 s.
Boyutlar 25 sm.
490 ## - SERİSİ TABLOSU
Seri Beyanı İstanbul Ticaret Odası yayınları
Hacim / Ardışık Tanımı 37
504 ## - KAYNAKÇA VB NOT
Kaynakça Vb Notu Kaynakça var.
650 ## - KONU KATMA GİRİŞ - TOPİKAL DÖNEM
Topikal Süreli Veya Coğrafi Ad Giriş Elemanı Meslek odaları
Coğrafi Alt Bölümü Avusturya
651 ## - KONU KATMA GİRİŞ - COĞRAFİ ADI
Coğrafi İsim Avusturya
Genel Alt Bölümü Meslek eğitimi
700 ## - KATMA GİRİŞ - KİŞİSEL İSİM
Kişisel Ad Dayıoğlu, Recep
942 ## - EKLENDİ GİRİŞ ELEMANLARI (KOHA)
Sınıflandırma Veya Raf Düzeni Kaynak Dewey Decimal Classification
Koha Öğesi Türü Books
999 ## - SİSTEM KONTROL NUMARALARI (KOHA)
Koha Biblionumber 457
Koha Biblioitemnumber 457
Holdings
Kalıcı Konum Mevcut Konum Edinme Tarihi Edinim Kaynak Toplam Check-Out'Lar Tam Çağrı Numarası Barkod Tarih Son Görülme İtibaren Geçerli Fiyatlar Koha Öğesi Türü
CHP Kütüphanesi CHP Kütüphanesi 12/15/2016 Bağış   370.113436 O4a 2012 011591 12/15/2016 12/15/2016 Books